| 000 | 01354cam a22003498i 4500 | ||
|---|---|---|---|
| 001 | zdenvp b2261627 | ||
| 005 | 20211014164922.0 | ||
| 008 | 200220s2021 mdu b 001 0 eng | ||
| 010 | _a2020006004 | ||
| 020 |
_a9781421439419 _q(hardcover) |
||
| 020 |
_z9781421439426 _q(ebook) |
||
| 035 | _a(DLC) 2020006004 | ||
| 040 |
_aDLC _beng _erda _cDLC _dDLC |
||
| 042 | _apcc | ||
| 043 | _axb----- | ||
| 050 | 0 | 0 |
_aQL737.C27 _bL96 2021 |
| 082 | 0 | 0 |
_a599.78 _223 |
| 092 | _a599.78 Lyn | ||
| 099 | _a599.78 Lynch | ||
| 100 | 1 |
_aLynch, Wayne, _eauthor, _eillustrator. _923035 |
|
| 245 | 1 | 0 |
_aBears of the north : _ba year inside their worlds / _ctext and photographs by Wayne Lynch. |
| 264 | 1 |
_aBaltimore : _bJohns Hopkins University Press, _c2021. |
|
| 300 | _a338 pages 28 cm. | ||
| 336 | _atext | ||
| 337 | _aunmediated | ||
| 338 | _avolume | ||
| 504 | _aIncludes bibliographical references and index. | ||
| 520 | _a"The author's narrative and photographs follow the polar bear, the brown bear, the Asiatic black bear, and the American black bear through the four seasons of the year. The book is richly illustrated and informative about the biology, ethology, and ecology of bears"-- | ||
| 650 | 0 |
_aBears _zNorthern Hemisphere. _96430534 |
|
| 907 | _a.b458289577 | ||
| 942 |
_2ddc _cBOOK |
||
| 999 |
_c366198 _d366198 |
||